书目信息 |
| 题名: |
濒湖脉学
|
|
| 作者: | 李时珍 著 ;蒋力生 , 叶明花 校注 | |
| 分册: | ||
| 出版信息: | 北京 中国盲文出版社 2013.09 |
|
| 页数: | 35页 | |
| 开本: | 26cm | |
| 丛书名: | 中医经典必读丛书 | |
| 单 册: | ||
| 中图分类: | R241.1 | |
| 科图分类: | ||
| 主题词: | 《濒湖脉学》--注释 , 《濒湖脉学》 | |
| 电子资源: | ||
| ISBN: | 978-7-5002-4515-5 | |
| 000 | 01126oam2 2200301 450 | |
| 001 | 0102100430 | |
| 005 | 20210402100823.0 | |
| 010 | @a978-7-5002-4515-5@dCNY6.00 | |
| 100 | @a20140429e20172013em y0chiy50 ea | |
| 101 | 0 | @achi |
| 102 | @aCN@b110000 | |
| 105 | @ay z 000yy | |
| 106 | @ar | |
| 200 | 1 | @a濒湖脉学@Abin hu mai xue@f(明)李时珍著@g蒋力生,叶明花校注 |
| 210 | @a北京@c中国盲文出版社@d2013.09@h2017.03 | |
| 215 | @a35页@d26cm | |
| 225 | 2 | @a中医经典必读丛书 |
| 300 | @a国家彩票公益金资助大字版 | |
| 330 | @a本书介绍了王叔和《脉经》中的理沦,并且沿用《脉诀》的歌决表达形式,在脉学史上影响深远。本次点校以明万历三十一年(1603年)刊本为底本,以《四库全书》本、台湾“隔立中央图书馆”所藏清光绪十一一年(1885年)味古斋刊本为校本,底本优良,点校精细,适于中医学习者阅读。 | |
| 461 | 0 | @12001 @a中医经典必读丛书 |
| 606 | 0 | @a《濒湖脉学》@x注释 |
| 606 | 0 | @a《濒湖脉学》 |
| 690 | @aR241.1@v5 | |
| 701 | 0 | @c(明)@a李时珍@Ali shi zhen@f(1518~1593)@4著 |
| 702 | 0 | @a蒋力生@Ajiang li sheng@4校注 |
| 702 | 0 | @a叶明花@Aye ming hua@4校注 |
| 801 | 0 | @aCN@bBJSZM@c20210402 |
| 905 | @b1277387-90@dR241.1@e567@f4 | |
| 濒湖脉学/(明)李时珍著/蒋力生,叶明花校注.-北京:中国盲文出版社,2013.09(2017.03) |
| 35页;26cm.-(中医经典必读丛书) |
| 国家彩票公益金资助大字版 |
| ISBN 978-7-5002-4515-5:CNY6.00 |
| 本书介绍了王叔和《脉经》中的理沦,并且沿用《脉诀》的歌决表达形式,在脉学史上影响深远。本次点校以明万历三十一年(1603年)刊本为底本,以《四库全书》本、台湾“隔立中央图书馆”所藏清光绪十一一年(1885年)味古斋刊本为校本,底本优良,点校精细,适于中医学习者阅读。 |
| ● |
| 相关链接 |
|
|
|
|
正题名:濒湖脉学
索取号:R241.1/567
 
预约/预借
| 序号 | 登录号 | 条形码 | 馆藏地/架位号 | 状态 | 备注 |
| 1 | 1277387 | 212773872 | 第二样本阅览室/ [索取号:R241.1/567] | 在馆 | |
| 2 | 1277388 | 212773881 | 教育系资料室/ [索取号:R241.1/567] | 在馆 | |
| 3 | 1277389 | 212773890 | 教育系资料室/ [索取号:R241.1/567] | 在馆 | |
| 4 | 1277390 | 212773907 | 第三借阅区/ [索取号:R241.1/567] | 在馆 |